00738nam a2200241 a 4500001001300000003000900013005001700022008004100039020002300080082001600103100002600119245003900145260004200184300000900226500003500235505002000270650002100290700002600311902000800337942000700345952012900352999001500481nice12345678IN_TiNIC20260116012730.0050524s1990 dela grp 000 0 eng  a8170243 c20000a297.7bKHA6 aKhan Mohammad, Sharif aEducation Religion and Modern Age. aDelhibAshish Publishing House c1990 a185p aincludes index and biblioraphy2 aIndex, Appendex aEducation-Muslim1 aKhan Mohammad, Sharif bSRS cBK 001040708StackRoom-aHMIbHMId2007-07-12g200.00l2o297.7 KHA6p013952r2018-03-15s2018-01-17v200.00w2005-05-24yBK c8144d8144